An illustrated guide to taping techniques principles and practice (Registro nro. 70088)

Detalles MARC
000 -ENCABEZADO
Número de control [NR] 01112nam a2200301Ia 4500
008 - DE LONGITUD FIJA DE DATOS DE ELEMENTOS - INFORMACIÓN GENERAL
Elementos de longitud fija [NR] 130821s2010 stka gr eng
020 ## - NUMERO INTERNACIONAL NORMALIZADO PARA LIBROS [R]
Número Internacional Normalizado del libro [NR] 9780723434825
040 ## - FUENTE DE CATALOGACION [NR]
Agencia de catalogación original [NR] Co-BoUCM
Idioma de catalogación [NR] spa
041 00 - CODIGO DE IDIOMA [R]
Código de idioma para texto/pista de sonido o título separado [R] Inglés
060 00 - SIGNATURA TOPOGRAFICA DE LA BIBLIOTECA NACIONAL DE MEDICINA (NLM) [R]
Número clasificador [R] WA 292
245 03 - MENCION DE TITULO [NR]
Título [NR] An illustrated guide to taping techniques principles and practice
Mención de responsabilidad, etc. [NR] Tom Hewetson...[et al.] ; prólogo de Lynn Booth, Jonathan Betser
250 ## - MENCION DE EDICION [NR]
Mención de edición [NR] 2nd ed.
260 ## - PUBLICACION, DISTRIBUCION, ETC. (PIE DE IMPRENTA) [R]
Lugar de publicación, distribución, etc. [R] Edimburgo (Escocia)
Nombre del editor, distribuidor, etc. [R] Mosby Elsevier
Fecha de publicación, distribución, etc. [R] 2010
300 ## - DESCRIPCION FISICA [R]
Extensión [R] xii, 221 páginas
Otros detalles físicos [NR] ilustraciones, color
Material acompañante [NR] 1 DVD
504 ## - NOTA DE BIBLIOGRAFIA, ETC. [R]
Nota de bibliografía, etc. [NR]
650 04 - ASIENTO SECUNDARIO DE MATERIA - TERMINO TEMATICO [R]
Término temático o nombre geográfico como elemento de entrada [NR] Accidentes deportivos
Subdivisión general [R] Tratamiento y control
9 (RLIN) 8317
650 04 - ASIENTO SECUNDARIO DE MATERIA - TERMINO TEMATICO [R]
Término temático o nombre geográfico como elemento de entrada [NR] Heridas
Subdivisión general [R] Tratamiento y control
9 (RLIN) 16771
650 04 - ASIENTO SECUNDARIO DE MATERIA - TERMINO TEMATICO [R]
Término temático o nombre geográfico como elemento de entrada [NR] Ortopedia
9 (RLIN) 26544
650 04 - ASIENTO SECUNDARIO DE MATERIA - TERMINO TEMATICO [R]
Término temático o nombre geográfico como elemento de entrada [NR] Traumatología
9 (RLIN) 25860
650 04 - ASIENTO SECUNDARIO DE MATERIA - TERMINO TEMATICO [R]
Término temático o nombre geográfico como elemento de entrada [NR] Vendajes
9 (RLIN) 26128
700 1# - ASIENTO SECUNDARIO - NOMBRE PERSONAL [R]
Nombre personal [NR] Austin, Karin A.
9 (RLIN) 141275
700 1# - ASIENTO SECUNDARIO - NOMBRE PERSONAL [R]
Nombre personal [NR] Betser, Jonathan
Término de relación [R]
9 (RLIN) 141276
700 1# - ASIENTO SECUNDARIO - NOMBRE PERSONAL [R]
Nombre personal [NR] Booth, Lynn
Término de relación [R]
9 (RLIN) 141277
700 1# - ASIENTO SECUNDARIO - NOMBRE PERSONAL [R]
Nombre personal [NR] Gwynn-Brett, Kathryn
9 (RLIN) 141278
700 1# - ASIENTO SECUNDARIO - NOMBRE PERSONAL [R]
Nombre personal [NR] Hewetson, Tom
9 (RLIN) 141279
700 1# - ASIENTO SECUNDARIO - NOMBRE PERSONAL [R]
Nombre personal [NR] Marshall, Sarah C.
9 (RLIN) 141280
942 ## - ELEMENTOS DE ENTRADA AGREGADOS (KOHA)
Tipo de ítem principal el descrito en 300a Libro
Tema principal Ciencias de la salud
Edición 2
Parte restante de la signatura top. I298
Sistema de clasificación NLM
Clasificación WA 292
Título oculto en OPAC No
Existencias
Fecha de último préstamo Total préstamos Signatura topográfica Código de barras Última vez visto Volúmen / Fascículo Ejemplar Price effective from Tipo de ítem Perdido Sistema de clasificación Dañado No prestable Tipo de ítem específico Suprimido Ubicación habitual Ubicación actual Localización Fecha de creación Forma de adquisición Costo Total Renewals
10/11/2014 7 WA 292 I298 200021695 09/12/2017 2a. Ed. Ej.2 03/02/2013 Libro   NLM     Libro   Bodega Bodega Préstamo 4 días después de solicitado 28/02/2013 Compra 123000.00 4
06/06/2012 4 WA 292 I298 200021696 12/12/2025 2a. Ed. DVD Ej.2 03/02/2013 Multimedia   DEWEY     DVD   Quinta de Mutis Quinta de Mutis 1er piso 19/02/2013 Donación 123000.00  
23/11/2010   WA 292 I298 200020769 12/12/2025 2a. Ed. DVD Ej.1 03/02/2013 Multimedia   DEWEY     DVD   Quinta de Mutis Quinta de Mutis 1er piso 19/02/2013 Compra 131100.00  
27/03/2025 1 WA 292 I298 200020768 12/12/2025 2a. Ed. Ej.1 03/02/2013 Libro   NLM     Libro   Quinta de Mutis Quinta de Mutis 1er piso 30/09/2010 Compra 131100.00 1